Geography Quiz

Random Geography or State Quiz

Minnesota Cities Quiz Stats

 Plays Quiz not verified by Sporcle

Score 0/20 Timer 03:00
0 Plays Today
Population City % Correct
382,578Minneapolis
100%
285,068St. Paul
97.4%
86,265Duluth
92.1%
106,769Rochester
85.5%
82,893Bloomington
78.9%
65,842St. Cloud
67.1%
47,941 Edina
61.8%
60,797 Eden Prairie
53.9%
49,734Minnetonka
51.3%
64,206Eagan
50%
Population City % Correct
75,781Brooklyn Park
47.4%
60,306Burnsville
42.1%
61,567Maple Grove
38.2%
61,476Coon Rapids
38.2%
55,954Lakeville
38.2%
70,576 Plymouth
36.8%
49,084Apple Valley
36.8%
57,186 Blaine
35.5%
45,250St. Louis Park
32.9%
61,961Woodbury
28.9%

You're not logged in!

Compare scores with friends on all Sporcle quizzes.
OR
Log In

Show Comments

Extras

Top Quizzes Today


Score Distribution

Your Account Isn't Verified!

In order to create a playlist on Sporcle, you need to verify the email address you used during registration. Go to your Sporcle Settings to finish the process.

Report this User

Report this user for behavior that violates our Community Guidelines.

Details: